| 000 | 01988nam0a2200373 4500 | ||
|---|---|---|---|
| 001 | RU\NLR\BIBL_A\011391217 | ||
| 005 | 20240922024307.0 | ||
| 010 |
_a9785759815525 _91000 |
||
| 021 |
_aRU _b2017-28565 _92106 |
||
| 035 | _a(RuMoRGB)008862231 | ||
| 035 | _a(NLR Aleph) 011391217 | ||
| 090 |
_a11453460 _c11453460 |
||
| 100 | _a20170523d2017 k y0rusy50 ca | ||
| 101 | 1 |
_arus _ceng |
|
| 102 | _aRU | ||
| 105 | _aa|||z|||000zy | ||
| 200 | 1 |
_aКак богатые страны стали богатыми, и почему бедные страны остаются бедными _fЭрик С. Райнерт _gперевод с английского Натальи Автономовой _gпод редакцией Владимира Автономова _g[Нац. исслед. ун-т "Высшая школа экономики"] |
|
| 205 | _a5-е изд. | ||
| 210 |
_aМосква _cИздательский дом Высшей школы экономики _d2017 |
||
| 215 |
_a382, [1] с. _cил. _d21 |
||
| 225 | 1 |
_aСерия Экономическая теория _fсост.: Валерий Анашвили |
|
| 300 | _aЗагл. и авт. ориг.: How rich countries got rich... and why poor countries stay poor / Erik S. Reinert | ||
| 300 | _aНа обороте тит. л. авт.: экономист Эрик Райнерт | ||
| 320 | _aБиблиогр.: с. 370-383 и в примеч.: с. 351-369 | ||
| 454 | 0 |
_12001#$aHow rich countries got rich... and why poor countries stay poor$fErik S. Reinert _1700#1$aReinert$bE.S.$gErik S _tHow rich countries got rich... and why poor countries stay poor _aReinert, Erik S |
|
| 606 | 1 |
_aМировое хозяйство _xГлобализация _92086980 _3RU\NLR\AUTH\661263131 |
|
| 686 |
_aУ50,0 _2rubbk |
||
| 686 | 1 | _aУ26(0)86 | |
| 686 | 1 | _aУ58 | |
| 700 | 1 |
_aРайнерт _bЭ. С. _gЭрик С |
|
| 942 | _cBOOK | ||
| 980 | _aNBR | ||